Word Ladder: Extremely Venomous Snake Quiz Stats

 Plays Quiz Updated Apr 18, 2019

Score 0/20 Timer 04:00
3 Plays Today
Hint 5-Letter Word % Correct
Pitch-dark• BLACK •
95.9%
Easter egg delivererBUNNY
95.9%
ABBA musical '_____ Mia!'MAMMA
95.5%
AmusingFUNNY
95.2%
1215 document: _____ CartaMAGNA
93.7%
One-hundredth of a dollarPENNY
93.6%
Item for placing a callPHONE
93.4%
Underground lavaMAGMA
93.3%
Clarinet playing 'King of Swing' GoodmanBENNY
91.8%
Ersatz; fake; shamPHONY
90.9%
Hint 5-Letter Word % Correct
Rear end, or comedienne BriceFANNY
89.7%
Large garden flowerPEONY
89.6%
Ex-Red Sox slugger _____ RamirezMANNY
88.3%
Food in the desert, for MosesMANNA
87.8%
With first rung, a venomous snake• MAMBA •
85.2%
ShantySHACK
85.1%
Something to cut?SLACK
84.7%
RadiatedSHONE
84%
Botch a football kick or golf shotSHANK
81.4%
Titular anti-hero of a 1953 WesternSHANE
80.7%

Today's Daily Dose

Missing Word
Video Games (A-Z)

Get the Picture
Tom Hanks

You're not logged in!

Compare scores with friends on all Sporcle quizzes.
OR
Log In

Sporcle TV

Today on Sporcle TV


Watch our educational content, quiz creation guides, and fun videos on Sporcle TV.

Show Comments

Extras

Top Quizzes Today


Score Distribution

Your Account Isn't Verified!

In order to create a playlist on Sporcle, you need to verify the email address you used during registration. Go to your Sporcle Settings to finish the process.

Report this User

Report this user for behavior that violates our Community Guidelines.

Details: